| 000 | 00433nam a2200157Ia 4500 | ||
|---|---|---|---|
| 008 | 231217s9999 xx 000 0 und d | ||
| 020 | _a8178813823 | ||
| 041 | _aEnglish | ||
| 082 | _a658.568 CHA;2 R1 | ||
| 100 | _aChaturvedi, Braj Mohan ed. | ||
| 245 | 0 | _aTotal quality management : An introduction | |
| 260 |
_c2004 _bICFAI Press _aHyderabad |
||
| 300 | _aviii, 179+A14 | ||
| 650 | _aTotal,quality,management | ||
| 942 | _cAA | ||
| 999 |
_c191621 _d191621 |
||